00357nam a2200133Ia 4500003000400000008004100004040001600045082001300061100001800074245005100092260004800143300001000191650002200201GCL140319s9999 xx 000 0 eng d aGCL / cGCL04a703bC O1 aCHILVERS, IAN10aTHE OXFORD DICTIONARY OF ART / cCHILVERS, IAN a[S.N] : bOXFORD UNIVERSITY PRESS ، c1994 a548 P04aART, DICTIONARIES